Mostoha gyerek volt a maradékelv alapján kapott pénzt a minisztérium

Bibliographic Details
Format: Article
Language:Hungarian
Subjects:

MARC

LEADER 00000nab a2200000 ar4500
001 vtls008768743
003 SK-MaSNL
005 20260319071104.0
008 060518c20060525xo |||||||| 000 b|hun
015 |a SNBRB2006/05  |2 snkbucl 
038 |a SNKBUCL 
040 |a DSZK  |b slo  |c DSZK  |e AACR2 
041 0 |a hun 
044 |a xo  |c SK 
080 |a 328.1  |x (437.6)  |x "2002/2006"  |2 1997 
080 |a 354.46  |x (437.6)  |x "2002/2006"  |2 1997 
080 |a 504.06:354.46  |x (437.6)  |x "2002/2006"  |2 1997 
245 0 0 |a Mostoha gyerek volt  |b a maradékelv alapján kapott pénzt a minisztérium 
610 1 7 |a Slovensko.  |b Vláda  |y 2002-2006  |2 snkbucl  |9 114949 
610 1 7 |a Slovensko.  |b Ministerstvo životného prostredia  |2 snkbucl  |9 250390 
648 7 |a 2002-2006  |2 snkbucl  |9 314003 
773 0 |t Új szó  |g Évf. 59, sz. 119 (25.5.2006), o. 3 
852 |a SNK  |b KIS3GCP 
852 |a DSZK  |b KIS3GCP 
958 |a HU 
958 |a SK 
999 |c 1737101  |d 1739031